00331nam a2200157Ia 4500008004100000020001500041041001200056082001600068100001600084245002000100250000800120260000900128300000900137650001200146700001500158221030s9999 xx 000 0 und d a0471804576 aEnglish a105.23bHal aD. Halliday 0aPhysics Vol. II a4th c1994 a1020 aPhysics aR. Resnick